De legibus

Enregistré dans:
Détails bibliographiques
Auteur principal: Suárez, Francisco, S.I (Auteur)
Format: Livre
Langue:espagnol
latin
Publié: Madrid Consejo Superior de Investigaciones Científicas 1971
Collection:Corpus Hispanorum de Pace, 11-16
Sujets:
Tags: Ajouter un tag
Pas de tags, Soyez le premier à ajouter un tag!

MARC

LEADER 00000nam a2200000 a 4500
001 UCR3555
003 CL-VaPUC
008 980128e19710000SP |||||||||||||||||spa|d
041 0 7 |a spa  |2 CL-VaPUC 
041 0 7 |a lat  |2 CL-VaPUC 
082 0 4 |a 303.66  |b SUA  |2 21 
100 |a Suárez, Francisco,   |c S.I.  |e author  |9 255840 
245 1 0 |a De legibus 
300 |a 6 v 
942 |c BK 
945 |d 19980128 00:00:00  |a cmena 
260 |a Madrid  |b Consejo Superior de Investigaciones Científicas  |c 1971 
500 |a v.1: De natura legis 
500 |a v.2: De legis obligatione I 9-20 
500 |a v.3: De lege naturali II 1-12 
500 |a v.4: De iure gentium II 13-20 
500 |a v.5: De civili potestate III 1-16 
500 |a v.6: De politica obligatione III 17-35 
650 0 |a Paz  |9 259242 
650 0 |a Derecho natural   |9 255041 
650 0 |a Derecho español  |9 255291 
650 7 |a DERECHO CANONICO  |2 CL-VaPUC  |9 402478 
650 0 |a Iglesia   |9 255004 
650 0 |a Poder político  |9 255509 
650 0 |a Derecho civil  |9 255013 
650 7 |a LEGISLACION  |2 CL-VaPUC  |9 402479 
651 0 |a España  |9 254926 
583 |a last modification  |c 19980128 00:00:00  |k Rodrigo Vera 
490 0 |a Corpus Hispanorum de Pace, 11-16 
999 |c 266613  |d 266611 
952 |0 0  |1 0  |4 0  |6 303_660000000000000_SUA_1971  |7 0  |8 DER_HIS  |9 298370  |a BIBDER  |b BIBDER  |d 2019-11-20  |h v.1  |i 1950304  |l 2  |m 2  |o 303.66 SUA 1971  |p 1950304  |r 2023-09-05  |s 2023-07-25  |w 2019-11-20  |x Ubicación 4to Piso  |y BK  |z Estos recursos deben solicitarse con anticipación  |k DER 
952 |0 0  |1 0  |4 0  |6 303_660000000000000_SUA_1971  |7 0  |8 DER_HIS  |9 298371  |a BIBDER  |b BIBDER  |d 2019-11-20  |h v.2  |i 1950258  |l 2  |m 2  |o 303.66 SUA 1971  |p 1950258  |r 2023-09-05  |s 2023-07-25  |w 2019-11-20  |x Ubicación 4to Piso  |y BK  |z Estos recursos deben solicitarse con anticipación  |k DER 
952 |0 0  |1 0  |4 0  |6 303_660000000000000_SUA_1971  |7 0  |8 DER_HIS  |9 298372  |a BIBDER  |b BIBDER  |d 2019-11-20  |h v.3  |i 1950266  |l 2  |m 2  |o 303.66 SUA 1971  |p 1950266  |r 2023-09-05  |s 2023-07-25  |w 2019-11-20  |x Ubicación 4to Piso  |y BK  |z Estos recursos deben solicitarse con anticipación  |k DER 
952 |0 0  |1 0  |4 0  |6 303_660000000000000_SUA_1971  |7 0  |8 DER_HIS  |9 298373  |a BIBDER  |b BIBDER  |d 2019-11-20  |h v.4  |i 1950274  |l 2  |m 1  |o 303.66 SUA 1971  |p 1950274  |r 2023-09-05  |s 2023-07-31  |w 2019-11-20  |x Ubicación 4to Piso  |y BK  |z Estos recursos deben solicitarse con anticipación  |k DER 
952 |0 0  |1 0  |4 0  |6 303_660000000000000_SUA_1971  |7 0  |8 DER_HIS  |9 298374  |a BIBDER  |b BIBDER  |d 2019-11-20  |h v.5  |i 1950282  |o 303.66 SUA 1971  |p 1950282  |r 2023-01-25  |w 2019-11-20  |x Ubicación 4to Piso  |y BK  |z Estos recursos deben solicitarse con anticipación  |k DER 
952 |0 0  |1 0  |4 0  |6 303_660000000000000_SUA_1971  |7 0  |8 DER_HIS  |9 298375  |a BIBDER  |b BIBDER  |d 2019-11-20  |h v.6  |i 1950290  |o 303.66 SUA 1971  |p 1950290  |r 2023-01-25  |w 2019-11-20  |x Ubicación 4to Piso  |y BK  |z Estos recursos deben solicitarse con anticipación  |k DER